000 01003nam a2200229Ii 4500
003 JO-AjNU
008 230605s9999||||xx |||||||||||||| ||und||
017 _a2619
020 _a977-5065-52-6
040 _aJO-AjNU
_bara
_erda
_cJO-AjNU
041 _aara
050 1 4 _aKBP3125.A36.M8422.2013
100 3 _a محس ، عبد العزيز محمد ,
_eauthor
_944189
245 0 0 _aالحماية الجنائية للجنين فى الفقة الإسلامي والقانون الوضعي " دراسة مقارنة "
250 _aط1
264 3 1 _aالاسكندرية : مكتبة الوفاء القانونية ، 2013
300 _a167ص
_bيشتمل على مراجع ببلوغرافية باللغة العربية والأنجليزية والفرنسية ص ( 151 - 161 )
336 _atext
_btxt
_2rdacontent
337 _aunmediated
_bn
_2rdamedia
338 _avolume
_bnc
_2rdacarrier
650 4 _aالاجهاض الفقة -- الاجهاض -- قوانين وتشريعات
_944190
999 _aA19059
_c22627
_d22627